Statistics for Lady Gaga - Applause

Click here to take the quiz!

General Stats

  • This quiz has been taken 268 times
  • The average score is 320 of 405

Answer Stats

Answer% Correct
a
100%
applause
100%
(APPLAUSE)
100%
I
100%
I.V.
100%
the
98%
the-
98%
The
98%
for
94%
live
94%
"Is
92%
is
92%
me
92%
you
92%
it
90%
To
90%
to
90%
an
85%
in
85%
that
85%
your
83%
and
81%
Give
79%
make
79%
(make
79%
Make
79%
(Make
79%
say
79%
stand
79%
hands
77%
or
77%
right
77%
wrong"
77%
here
75%
love
75%
put
75%
Put
75%
scream
75%
so
75%
lights
73%
turn
73%
touch
71%
up
71%
cheer
69%
critic
69%
from
69%
if
69%
If
69%
waiting
69%
Way
69%
baby
67%
bang
67%
Being
67%
could
67%
of
67%
pop
67%
Pop
67%
thing
67%
art
65%
away
65%
'em
65%
gong
65%
just
65%
like
65%
now
65%
saying
65%
some
65%
culture
63%
only
63%
us
63%
read
60%
real
60%
was
60%
crash
58%
I've
58%
loud
58%
loud)
58%
One
58%
(I'll
56%
fame
54%
suddenly
54%
bear?
52%
guess
52%
I'm
52%
out)
52%
found
50%
had
50%
theory
50%
geek's"
48%
art's
46%
"Nostalgia's
46%
second
46%
sir
46%
overheard
44%
vein
35%
fan
29%
Knoos
10%

Score Distribution

Percentile by Number Answered

Percent of People with Each Score

Your Score History

You have not taken this quiz